000 00379 a2200169 4500
001 188432
020 _a978-85-7319-228-3
040 _cMagnum
100 _aGouichoux, René
240 1 0 _aClarineta, bruxa e princesa
_lpor
245 1 0 _aClarineta, bruxa e princesa
300 _a30
362 0 _a2008
440 1 _aDimensão
697 _aLITERATURA INFANTO
942 _cBK
999 _c188432
_d188432